000
00261nam a2200109Ia 4500
100
_a
Thierauf/Robert J
942
_c
BK
654
_a
system
245
_a
System Analysis and design A Case study approach
260
_b
CBS
_a
New Delhi
_c
1986
546
_a
ENGLISH
999
_c
34379
_d
34379